000 00650ntaaa2200193 4500
003 01
005 20251027203354.0
008 0714s1973 ag 01
020 _a9589269249
040 _aAR-BaBN
_bspa
_cAR-BaBN
_eaacr
_dRIC
100 _aBucana, Juana B. de
_936
245 _aLa iglesia evangélica en Colombia :
_buna historia /
_cJuana B. de Bucana
260 _aSantafé de Bogotá, D.C. :
_bAsociación Pro-Cruzada Mundial (WEC International),
_c1995
300 _a249 p. ;
_c21 cm.
500 _aDonación de Pablo A. Deiros, 2022
500 _aBibliografía: p. 217-228
500 _aIncluye índices analíticos y apéndices
942 _cBK
999 _c29272
_d29272